• 首页
  • 本馆介绍
  • 公告通知
  • 最新文献
  • 馆藏检索
  • 电子资源
  • 读者导购
  • 参考咨询
  • 我的图书馆
  • 登录
  • 详细信息显示
  • 放入我的书架
  • 预约/预借图书
  • 作者相关作品
  • 分类相关作品
  • 丛书相关作品
  • 出版社相关作品

书目信息

  • 表格格式
  • 工作单格式
  • 卡片格式
题名:
大城市治理
    
 
作者: 赵立祥 , 张奉君 主编
分册:  
出版信息: 北京   社会科学文献出版社  2020.12
页数: 414页
开本: 24cm
丛书名:
单 册:
中图分类: F299.271.3
科图分类:
主题词: 城市建设--研究--通州区
电子资源:
ISBN: 978-7-5201-7449-7
000 01285nam0 2200265 45
001 012001001136
005 20130910153226.0
010    @a978-7-5201-7449-7@b精装@dCNY128.00
100    @a20210318d2020 em y0chiy0110 ea
101 0  @achi
102    @aCN@b110000
105    @ay z 000yy
106    @ar
200 1  @a大城市治理@Adai cheng shi zhi li@e城市副中心建设的理论与实践@dMetropolis governance@etheory and practice of urban sub-center construction@f赵立祥, 张奉君主编@zeng
210    @a北京@c社会科学文献出版社@d2020.12
215    @a414页@d24cm
300    @a并列题名:Metropolis governance
330    @a本书分为三个部分对此次实践与研究进行总结:城市副中心建设的必要性、城市副中心建设理念和路径、通州区促进城市副中心建设和发展的实践。全书总结了国内外大城市病治理的经验,从大城市病和城市新城建设视角梳理了城市副中心建设的基本理念和路径,分析了城市副中心建设应采取的主要城市功能策略和产业规划策略,并为国内其他副中心城市或者新城建设提供参考和借鉴。
510 1  @aMetropolis governance@etheory and practice of urban sub-center construction@zeng
606 0  @a城市建设@x研究@y通州区
690    @aF299.271.3@v5
701  0 @a赵立祥@Azhao li xiang@4主编
701  0 @a张奉君@Azhang feng jun@4主编
801    @aCN@b江苏凤凰@c20211018
905    @b1342338-41@dF299.271.3@e1866@f4
    
    大城市治理:城市副中心建设的理论与实践=Metropolis governance:theory and practice of urban sub-center construction/赵立祥, 张奉君主编.-北京:社会科学文献出版社,2020.12
    414页;24cm
    并列题名:Metropolis governance
    
    ISBN 978-7-5201-7449-7(精装):CNY128.00
    本书分为三个部分对此次实践与研究进行总结:城市副中心建设的必要性、城市副中心建设理念和路径、通州区促进城市副中心建设和发展的实践。全书总结了国内外大城市病治理的经验,从大城市病和城市新城建设视角梳理了城市副中心建设的基本理念和路径,分析了城市副中心建设应采取的主要城市功能策略和产业规划策略,并为国内其他副中心城市或者新城建设提供参考和借鉴。
●
相关链接 在E读中查询图书 在五车中查询图书 在当当中查询图书 在豆瓣中查询图书


正题名:大城市治理     索取号:F299.271.3/1866         预约/预借

序号 登录号 条形码 馆藏地/架位号 状态 备注
1 1342338   213423384   第一样本阅览室/ [索取号:F299.271.3/1866] 在馆    
2 1342339   213423393   第一借阅区/ [索取号:F299.271.3/1866] 在馆    
3 1342340   213423400   第一借阅区/ [索取号:F299.271.3/1866] 在馆    
4 1342341   213423419   第一借阅区/ [索取号:F299.271.3/1866] 在馆    
唐山师范学院图书馆 欢迎您!
大连网信软件有限公司© 版权所有